000
00278nam a22001217a 4500
008
180806b xxu||||| |||| 00| 0 eng d
082
_a
813.52
245
_a
Human resource managment
_c
NOE. R. A
260
_c
2003
300
_a
1
_f
CD
440
_x
0072533056
942
_2
ddc
_c
MX
999
_c
46861
_d
46861